| 000 | 00723nam a2200229Ia 4500 | ||
|---|---|---|---|
| 003 | GCL | ||
| 005 | 20240530095333.0 | ||
| 008 | 140319s9999 xx 000 0 ara d | ||
| 020 | _a6150245977 | ||
| 040 |
_aGCL / _cGCL |
||
| 082 | 0 | 4 |
_a375 _bم ف |
| 100 | 1 | _aمجدى عزيز ابراهيم | |
| 245 | 1 | 0 |
_aفى ادبيات المنهج التربوى / _cمجدى عزيز ابراهيم |
| 250 | _aالاولى | ||
| 260 |
_aالقاهرة : _bدار نهضة الشرق ، _c2002 |
||
| 300 |
_a340 ص ؛ _c24 سم |
||
| 650 | 0 | 4 | _aعلم النفس التربوى |
| 650 | 0 | 4 | _aالتعليم - مناهج |
| 650 | 0 | 4 | _aالمناهج - تخطيط |
| 650 | 0 | 4 | _aالمناهج - تطوير |
| 942 |
_2ddc _cBK |
||
| 999 |
_c6283 _d6283 |
||